|
|
|
|
| LEADER |
01114nam a2200277 a 4500 |
| 001 |
12543573 |
| 008 |
111119s2002 caua b 001 0 eng |
| 010 |
|
|
|a 2001096213
|
| 020 |
|
|
|a 8120320247
|
| 020 |
|
|
|a 1931841055
|
| 040 |
|
|
|a DLC
|c DLC
|d DLC
|b D-DhAAL
|
| 042 |
|
|
|a pcc
|
| 050 |
0 |
0 |
|a QA76.73.C154
|b B35 2002
|
| 082 |
0 |
0 |
|a 005.13/3
|2 21
|
| 100 |
1 |
|
|a Bakharia, Aneesha.
|
| 245 |
1 |
0 |
|a C# fast & easy Web development /
|c Aneesha Bakharia.
|
| 260 |
|
|
|a [Rocklin, Calif.] :
|b Premier Press,
|c c2002.
|
| 300 |
|
|
|a xx, 553 p. :
|b ill. ;
|c 24 cm.
|
| 490 |
0 |
|
|a Fast & easy Web development
|
| 504 |
|
|
|a Includes bibliographical references and index.
|
| 541 |
|
|
|e 00010636
|
| 650 |
|
0 |
|a C# (Computer program language)
|
| 852 |
1 |
|
|a Ayesha Abed Library
|c General shelf.
|
| 999 |
|
|
|c 11432
|d 11432
|
| 952 |
|
|
|0 0
|1 0
|2 ddc
|4 0
|6 005_133000000000000_BAK
|7 0
|9 18585
|a BRACUL
|b BRACUL
|c GEN
|d 2011-11-19
|l 0
|o 005.133 BAK
|p 3010010636
|r 2011-11-19
|t 1
|w 2011-11-19
|y BK
|
| 952 |
|
|
|0 0
|1 0
|2 ddc
|4 0
|6 005_133000000000000_BAK
|7 0
|9 21139
|a BRACUL
|b BRACUL
|c GEN
|d 2012-09-20
|g 325.00
|l 2
|m 31
|o 005.133 BAK
|p 3010012336
|r 2024-09-02
|s 2024-07-03
|t 2
|w 2012-09-20
|y BK
|